[Event "IND-ch U16"]
[Site "New Delhi"]
[Date "2022.03.05"]
[Round "3"]
[White "Paarth, P Salvi"]
[Black "Harshad, S."]
[Result "1/2-1/2"]
[WhiteElo "1635"]
[BlackElo "2328"]
[PlyCount "242"]
[EventDate "2022.03.04"]
[EventType "swiss"]
[EventRounds "9"]
[EventCountry "IND"]
[SourceTitle "CBM 207 Extra"]
[Source "ChessBase"]
[SourceDate "2022.05.31"]
[SourceVersion "1"]
[SourceVersionDate "2022.05.31"]
[SourceQuality "1"]

1. e4 g6 2. d4 Bg7 3. Nc3 d6 4. Be3 a6 5. a4 b6 6. Nf3 Bb7 7. Bc4 e6 8. 0-0 Nd7 9. Re1 Ne7 10. Qd2 0-0 11. Bh6 d5 12. exd5 exd5 13. Bf1 Nf5 14. Bxg7 Nxg7 15. g3 Nf6 16. Rad1 Qd6 17. Bh3 Ne4 18. Qh6 f6 19. Nxe4 dxe4 20. Nd2 f5 21. Nc4 Qb4 22. Bf1 Qxa4 23. Qf4 Ne6 24. Qe5 Qd7 25. Ne3 Ng7 26. Bc4+ Kh8 27. d5 Rae8 28. Qd4 g5 29. b4 f4 30. Nf1 b5 31. Bb3 f3 32. Rxe4 Qh3 33. Ne3 h6 34. c4 Bc8 35. Bc2 Kg8 36. Rxe8 Rxe8 37. Be4 Bg4 38. Bh7+ Kxh7 39. Qxg4 Qxg4 40. Nxg4 Kg6 41. c5 h5 42. Ne3 Nf5 43. Nxf5 Kxf5 44. Kf1 Rd8 45. Rd3 g4 46. Ke1 Ke5 47. Re3+ Kd4 48. Re7 Kxd5 49. Rxc7 Kc4 50. c6 Kxb4 51. Rd7 Rc8 52. c7 Kc5 53. Rh7 Kb6 54. Rxh5 Rxc7 55. h4 gxh3 56. g4 Rg7 57. Rxh3 Rxg4 58. Rxf3 a5 59. Kd2 a4 60. Kc2 Kc5 61. Kb2 b4 62. Rf8 Kc4 63. Rc8+ Kd3 64. Ra8 a3+ 65. Kb3 Rf4 66. Re8 Kd2 67. Rc8 Kd1 68. Ra8 Kc1 69. Re8 Rxf2 70. Re1+ Kd2 71. Ra1 Rf4 72. Rh1 Re4 73. Ra1 Ke3 74. Re1+ Kd4 75. Rc1 Kd5 76. Rc2 Rd4 77. Rc1 Ke4 78. Rc2 Ke3 79. Rh2 Kf3 80. Rc2 Re4 81. Rc1 Kf2 82. Rc6 Ke1 83. Rc1+ Kd2 84. Rc2+ Kd1 85. Rh2 Rd4 86. Ra2 Kc1 87. Ra1+ Kd2 88. Ra2+ Kd3 89. Ra1 Ke2 90. Rh1 Kf2 91. Rh2+ Kf3 92. Ra2 Re4 93. Ra1 Kf2 94. Rc1 Re1 95. Rc5 Rb1+ 96. Ka2 Rb2+ 97. Ka1 Rd2 98. Rb5 Rd4 99. Ka2 Ke1 100. Kb3 Kd1 101. Ka2 Kc1 102. Rc5+ Kd2 103. Kb3 Rd8 104. Rc2+ Kd1 105. Ra2 Rd4 106. Ra1+ Ke2 107. Rh1 Kd2 108. Ra1 Rh4 109. Ra2+ Kd3 110. Ra1 Rd4 111. Ra2 Ke4 112. Re2+ Kd5 113. Rc2 a2 114. Kxa2 Rd3 115. Kb2 Kd4 116. Rc8 Rc3 117. Rxc3 bxc3+ 118. Kc2 Kc4 119. Kc1 Kd3 120. Kd1 c2+ 121. Kc1 Kc3 1/2-1/2

[Event "IND-ch U13 33rd"]
[Site "Visakhapatnam"]
[Date "2019.05.06"]
[Round "4"]
[White "Paarth, P Salvi"]
[Black "Aditya, Bikram Paul"]
[Result "1-0"]
[WhiteElo "1511"]
[BlackElo "1807"]
[PlyCount "79"]
[EventDate "2019.05.04"]
[EventType "swiss"]
[EventRounds "11"]
[EventCountry "IND"]
[SourceTitle "CBM 190 Extra"]
[Source "ChessBase"]
[SourceDate "2019.07.15"]
[SourceVersion "1"]
[SourceVersionDate "2019.07.15"]
[SourceQuality "1"]

1. e4 c5 2. c3 Nf6 3. e5 Nd5 4. d4 cxd4 5. cxd4 e6 6. Nf3 Nc6 7. Bd3 d6 8. 0-0 Be7 9. Re1 dxe5 10. dxe5 0-0 11. Nc3 Nxc3 12. bxc3 h6 13. Bf4 Re8 14. Qc2 Qc7 15. Rad1 Bf8 16. Nd4 Nxd4 17. cxd4 Qxc2 18. Bxc2 b6 19. Be4 Rb8 20. d5 exd5 21. Bxd5 Bg4 22. f3 Bc5+ 23. Be3 Bxe3+ 24. Rxe3 Bf5 25. Bb3 Red8 26. Rxd8+ Rxd8 27. Kf2 Rd2+ 28. Re2 Rd4 29. g4 Bg6 30. e6 fxe6 31. Rxe6 Kh7 32. Rc6 h5 33. h3 hxg4 34. hxg4 Rf4 35. Kg3 Rf6 36. Rc8 Bd3 37. Rd8 Bb1 38. Rd1 Bxa2 39. Bxa2 a5 40. Rh1+ 1-0

[Event "Sivagangai Tamilnadu op U11 32th"]
[Site "Sivagangai Tamilnadu"]
[Date "2018.08.05"]
[Round "11.9"]
[White "Harsh, Suresh"]
[Black "Paarth, P Salvi"]
[Result "0-1"]
[WhiteElo "1698"]
[BlackElo "1495"]
[PlyCount "121"]
[EventDate "2018.07.28"]
[EventType "swiss"]
[EventRounds "11"]
[EventCountry "IND"]
[SourceTitle "EXT 2024"]
[Source "ChessBase"]
[SourceDate "2023.10.10"]
[SourceVersion "1"]
[SourceVersionDate "2023.10.10"]
[SourceQuality "1"]

1. e4 e5 2. Nf3 Nc6 3. Bb5 a6 4. Ba4 Nf6 5. 0-0 Be7 6. Re1 b5 7. Bb3 0-0 8. c3 d6 9. h3 Na5 10. Bc2 c5 11. d4 Qc7 12. d5 Re8 13. Nbd2 Bf8 14. Nf1 h6 15. Ng3 g6 16. Nh2 Bg7 17. Bd3 c4 18. Bc2 Nb7 19. a4 Bd7 20. f4 Nc5 21. fxe5 dxe5 22. axb5 axb5 23. Rxa8 Rxa8 24. Be3 Qd6 25. Qd2 h5 26. Qf2 Rc8 27. Rf1 Be8 28. Nf3 Ncd7 29. Ra1 Bf8 30. Kh1 Nc5 31. Nxe5 h4 32. Nf1 Qxe5 33. Bd4 Nfxe4 34. Bxe4 Nxe4 35. Qxh4 g5 36. Qg4 f5 37. Qf3 Qf4 38. Qe2 Rd8 39. g3 Qxf1+ 40. Qxf1 Nxg3+ 41. Kg2 Nxf1 42. Kxf1 Rxd5 43. Ra8 Kf7 44. Ra7+ Rd7 45. Ra6 Bg7 46. Be3 f4 47. Bf2 Rd5 48. Ra7+ Kg6 49. Ra8 Bd7 50. Rg8 Be6 51. Re8 Bxh3+ 52. Ke2 Re5+ 53. Rxe5 Bxe5 54. Kf3 Kf5 55. Bc5 g4+ 56. Ke2 g3 57. Kf3 Bg4+ 58. Kg2 f3+ 59. Kg1 f2+ 60. Bxf2 gxf2+ 61. Kxf2 0-1